[Event "Turniej Przyjazni Polsko-Wegierskiej"]
[Site "Katowice"]
[Date "2018.05.05"]
[Round "5.10"]
[White "Socko, Monika"]
[Black "Zgadzaj, Rafal"]
[Result "1-0"]
[BlackElo "2076"]
[WhiteElo "2360"]
[LiveChessVersion "1.4.8"]

1. d4 {[%clk 0:15:14]} g6 {[%clk 0:15:17]} 2. c4 {[%clk 0:15:21]} Bg7
{[%clk 0:15:25]} 3. Nf3 {[%clk 0:15:29]} f5 {[%clk 0:15:21]} 4. g3
{[%clk 0:15:36]} Nf6 {[%clk 0:15:24]} 5. Bg2 {[%clk 0:15:43]} d6 {[%clk 0:15:30]}
6. d5 {[%clk 0:15:45]} O-O {[%clk 0:15:34]} 7. O-O {[%clk 0:15:53]} Na6
{[%clk 0:14:24]} 8. Nc3 {[%clk 0:15:55]} Nc5 {[%clk 0:14:17]} 9. Be3
{[%clk 0:16:02]} Bd7 {[%clk 0:13:01]} 10. Bxc5 {[%clk 0:15:33]} dxc5
{[%clk 0:13:10]} 11. Ne5 {[%clk 0:15:40]} Be8 {[%clk 0:11:40]} 12. Nd3
{[%clk 0:15:27]} Qd6 {[%clk 0:10:18]} 13. a4 {[%clk 0:14:02]} c6 {[%clk 0:09:26]}
14. Nf4 {[%clk 0:13:24]} cxd5 {[%clk 0:08:37]} 15. cxd5 {[%clk 0:13:13]} Bf7
{[%clk 0:06:20]} 16. Qc2 {[%clk 0:11:55]} a6 {[%clk 0:05:05]} 17. a5
{[%clk 0:12:04]} Rfd8 {[%clk 0:03:23]} 18. Rfd1 {[%clk 0:11:40]} g5
{[%clk 0:03:16]} 19. Nh3 {[%clk 0:11:27]} g4 {[%clk 0:01:34]} 20. Nf4
{[%clk 0:11:34]} Qe5 {[%clk 0:01:35]} 21. Na4 {[%clk 0:11:08]} Rac8
{[%clk 0:01:14]} 22. Nb6 {[%clk 0:10:36]} Rc7 {[%clk 0:01:20]} 23. Nc4
{[%clk 0:10:43]} Rcc8 1-0

[Event "Turniej Przyjazni Polsko-Wegierskiej"]
[Site "Katowice"]
[Date "2018.05.05"]
[Round "5.11"]
[White "Praczukowski, Stanislaw"]
[Black "Piorun, Kacper"]
[Result "0-1"]
[BlackElo "2639"]
[WhiteElo "2073"]
[LiveChessVersion "1.4.8"]

1. d4 {[%clk 0:15:18]} f5 {[%clk 0:15:18]} 2. g3 {[%clk 0:15:18]} Nf6
{[%clk 0:15:27]} 3. Bg2 {[%clk 0:15:27]} d6 {[%clk 0:15:29]} 4. Nf3
{[%clk 0:15:09]} g6 {[%clk 0:15:37]} 5. O-O {[%clk 0:15:16]} Bg7 {[%clk 0:15:46]}
6. b3 {[%clk 0:15:11]} O-O {[%clk 0:15:53]} 7. Bb2 {[%clk 0:15:19]} Nc6
{[%clk 0:15:24]} 8. Nbd2 {[%clk 0:15:14]} a5 {[%clk 0:15:09]} 9. c4
{[%clk 0:14:06]} e5 {[%clk 0:15:06]} 10. dxe5 {[%clk 0:14:06]} Ng4
{[%clk 0:15:05]} 11. Qc2 {[%clk 0:13:43]} dxe5 {[%clk 0:15:02]} 12. Rad1
{[%clk 0:13:42]} Qe7 {[%clk 0:15:05]} 13. e4 {[%clk 0:13:24]} f4 {[%clk 0:14:51]}
14. h3 {[%clk 0:12:42]} Nf6 {[%clk 0:15:00]} 15. Nb1 {[%clk 0:09:55]} fxg3
{[%clk 0:11:58]} 16. fxg3 {[%clk 0:10:04]} Nh5 {[%clk 0:12:06]} 17. Kh2
{[%clk 0:09:55]} Be6 {[%clk 0:11:26]} 18. Nc3 {[%clk 0:09:19]} Nd4
{[%clk 0:11:22]} 19. Nxd4 {[%clk 0:08:09]} exd4 {[%clk 0:11:30]} 20. Nd5
{[%clk 0:08:18]} Bxd5 {[%clk 0:11:17]} 21. exd5 {[%clk 0:07:36]} Nxg3
{[%clk 0:11:07]} 22. Rfe1 {[%clk 0:05:52]} Qd6 {[%clk 0:11:15]} 23. Kg1
{[%clk 0:06:00]} Nf5 {[%clk 0:10:54]} 24. Qe4 {[%clk 0:04:35]} Ne3
{[%clk 0:08:02]} 25. Rd2 {[%clk 0:02:40]} Rae8 {[%clk 0:08:04]} 26. Qd3
{[%clk 0:01:25]} Qg3 {[%clk 0:07:31]} 27. Ree2 {[%clk 0:00:14]} Rf1# 0-1

[Event "Turniej Przyjazni Polsko-Wegierskiej"]
[Site "Katowice"]
[Date "2018.05.05"]
[Round "5.12"]
[White "Lewtak, Dominik"]
[Black "Mista, Aleksander"]
[Result "1/2-1/2"]
[BlackElo "2548"]
[WhiteElo "2019"]
[LiveChessVersion "1.4.8"]

1. e4 {[%clk 0:15:18]} c5 {[%clk 0:15:19]} 2. Nf3 {[%clk 0:15:25]} e6
{[%clk 0:15:28]} 3. d4 {[%clk 0:15:29]} cxd4 {[%clk 0:15:37]} 4. Nxd4
{[%clk 0:15:37]} Nf6 {[%clk 0:15:45]} 5. Nc3 {[%clk 0:15:45]} d6 {[%clk 0:15:54]}
6. Bg5 {[%clk 0:15:46]} h6 {[%clk 0:15:45]} 7. Bh4 {[%clk 0:15:43]} Nc6
{[%clk 0:15:01]} 8. Be2 {[%clk 0:15:24]} Be7 {[%clk 0:15:01]} 9. O-O
{[%clk 0:15:06]} O-O {[%clk 0:14:30]} 10. Bg3 {[%clk 0:13:54]} Qb6
{[%clk 0:14:16]} 11. Nb3 {[%clk 0:13:52]} Rd8 {[%clk 0:13:38]} 12. Kh1
{[%clk 0:13:57]} d5 {[%clk 0:13:12]} 13. exd5 {[%clk 0:13:58]} exd5
{[%clk 0:12:55]} 14. Bf3 {[%clk 0:14:06]} d4 {[%clk 0:12:38]} 15. Ne2
{[%clk 0:13:08]} a5 {[%clk 0:12:22]} 16. a4 {[%clk 0:13:00]} Be6 {[%clk 0:10:45]}
17. Nd2 {[%clk 0:11:18]} Rac8 {[%clk 0:10:14]} 18. Nf4 {[%clk 0:11:27]} Bf5
{[%clk 0:10:00]} 19. Nc4 {[%clk 0:11:18]} Qc5 {[%clk 0:08:53]} 20. b3
{[%clk 0:11:19]} Ne4 {[%clk 0:07:24]} 21. Nd3 {[%clk 0:11:06]} Qa7
{[%clk 0:07:33]} 22. Qe1 {[%clk 0:08:50]} Nxg3+ {[%clk 0:07:33]} 23. fxg3
{[%clk 0:08:58]} Be6 {[%clk 0:07:31]} 24. Bxc6 {[%clk 0:08:10]} Rxc6
{[%clk 0:07:27]} 25. Nde5 {[%clk 0:07:53]} Rcc8 {[%clk 0:07:08]} 26. Nxf7
{[%clk 0:07:23]} Bxf7 {[%clk 0:06:23]} 27. Qxe7 {[%clk 0:07:30]} Bxc4
{[%clk 0:06:31]} 28. bxc4 {[%clk 0:07:32]} Qc5 {[%clk 0:06:18]} 29. Qxb7
{[%clk 0:03:53]} Qxc4 {[%clk 0:06:01]} 30. Rae1 {[%clk 0:03:31]} Rc7
{[%clk 0:05:48]} 31. Qb6 {[%clk 0:03:06]} Qxc2 {[%clk 0:04:38]} 32. Re7
{[%clk 0:01:59]} Qc4 {[%clk 0:03:29]} 33. Rfe1 {[%clk 0:01:21]} Rf8
{[%clk 0:03:17]} 34. h4 {[%clk 0:00:49]} Rxe7 {[%clk 0:03:14]} 35. Rxe7
{[%clk 0:00:55]} Qc1+ {[%clk 0:01:57]} 36. Kh2 {[%clk 0:01:04]} Qc4
{[%clk 0:00:16]} 37. Rd7 {[%clk 0:00:33]} d3 {[%clk 0:00:20]} 38. Qg6
{[%clk 0:00:39]} Qc3 {[%clk 0:00:16]} 39. Rxd3 {[%clk 0:00:45]} Qe5
{[%clk 0:00:19]} 40. Rd7 {[%clk 0:00:47]} Kh8 {[%clk 0:00:20]} 41. Ra7
{[%clk 0:00:45]} Rd8 {[%clk 0:00:15]} 42. Qc2 {[%clk 0:00:28]} Rf8
{[%clk 0:00:17]} 43. Qd2 {[%clk 0:00:27]} Rf5 {[%clk 0:00:20]} 44. Ra8+
{[%clk 0:00:28]} Kh7 {[%clk 0:00:29]} 45. Qd3 {[%clk 0:00:29]} Qd5
{[%clk 0:00:33]} 46. Qxd5 {[%clk 0:00:15]} Rxd5 {[%clk 0:00:41]} 47. Kh3
{[%clk 0:00:23]} h5 {[%clk 0:00:45]} 48. Kh2 {[%clk 0:00:24]} Kg6
{[%clk 0:00:46]} 49. Ra6+ {[%clk 0:00:33]} Kf5 {[%clk 0:00:53]} 50. Ra7
{[%clk 0:00:33]} g6 {[%clk 0:00:57]} 51. Rf7+ {[%clk 0:00:28]} Ke5
{[%clk 0:00:50]} 52. Ra7 {[%clk 0:00:33]} Kf5 {[%clk 0:00:33]} 53. Rf7+
{[%clk 0:00:38]} Ke5 {[%clk 0:00:36]} 54. Rg7 {[%clk 0:00:38]} Kf6
{[%clk 0:00:36]} 55. Ra7 {[%clk 0:00:46]} Kf5 {[%clk 0:00:39]} 56. Ra6
{[%clk 0:00:45]} Rc5 {[%clk 0:00:44]} 57. Rb6 {[%clk 0:00:48]} Rd5
{[%clk 0:00:49]} 58. Kg1 {[%clk 0:00:33]} Rc5 {[%clk 0:00:49]} 59. Ra6
{[%clk 0:00:26]} Rc1+ {[%clk 0:00:42]} 60. Kf2 {[%clk 0:00:23]} Rc5
{[%clk 0:00:38]} 61. Ke3 {[%clk 0:00:24]} g5 {[%clk 0:00:20]} 62. Rh6
{[%clk 0:00:14]} Kg4 {[%clk 0:00:23]} 63. hxg5 {[%clk 0:00:18]} Rxg5
{[%clk 0:00:18]} 64. Rb6 {[%clk 0:00:26]} Kxg3 {[%clk 0:00:16]} 65. Rb5
{[%clk 0:00:35]} Kg4 {[%clk 0:00:14]} 66. Rxg5+ {[%clk 0:00:23]} Kxg5
{[%clk 0:00:23]} 67. g3 {[%clk 0:00:29]} Kf5 {[%clk 0:00:31]} 68. Kf3
{[%clk 0:00:35]} Ke5 {[%clk 0:00:36]} 69. Kg2 {[%clk 0:00:44]} Kf5
{[%clk 0:00:29]} 70. Kf3 {[%clk 0:00:52]} 1/2-1/2

[Event "Turniej Przyjazni Polsko-Wegierskiej"]
[Site "Katowice"]
[Date "2018.05.05"]
[Round "5.13"]
[White "Krasenkova, Ilena"]
[Black "Swayams, Mishra"]
[Result "0-1"]
[BlackElo "2518"]
[WhiteElo "2015"]
[LiveChessVersion "1.4.8"]

1. d4 {[%clk 0:15:19]} Nf6 {[%clk 0:14:34]} 2. c4 {[%clk 0:15:26]} e6
{[%clk 0:14:30]} 3. g3 {[%clk 0:15:34]} c5 {[%clk 0:14:38]} 4. d5
{[%clk 0:15:41]} exd5 {[%clk 0:14:47]} 5. cxd5 {[%clk 0:15:50]} d6
{[%clk 0:14:56]} 6. Nc3 {[%clk 0:15:59]} g6 {[%clk 0:15:05]} 7. Bg2
{[%clk 0:16:04]} Bg7 {[%clk 0:15:15]} 8. Nf3 {[%clk 0:16:13]} O-O
{[%clk 0:15:22]} 9. O-O {[%clk 0:16:21]} Re8 {[%clk 0:15:23]} 10. Bg5
{[%clk 0:16:26]} h6 {[%clk 0:15:25]} 11. Bf4 {[%clk 0:16:26]} Bf5
{[%clk 0:15:17]} 12. Qb3 {[%clk 0:16:18]} Na6 {[%clk 0:12:30]} 13. Qxb7
{[%clk 0:15:54]} Nb4 {[%clk 0:12:38]} 14. Qb5 {[%clk 0:15:14]} Rb8
{[%clk 0:12:17]} 15. Qa4 {[%clk 0:14:21]} Nfxd5 {[%clk 0:11:53]} 16. Nxd5
{[%clk 0:13:09]} Nxd5 {[%clk 0:12:01]} 17. Rad1 {[%clk 0:11:47]} Nxf4
{[%clk 0:08:40]} 18. Qxf4 {[%clk 0:11:54]} Rxb2 {[%clk 0:08:48]} 19. Nh4
{[%clk 0:11:36]} Be6 {[%clk 0:08:06]} 20. Rxd6 {[%clk 0:08:38]} Qa5
{[%clk 0:08:01]} 21. Qe4 {[%clk 0:07:58]} Qxa2 {[%clk 0:07:45]} 22. Qc6
{[%clk 0:08:04]} Rc8 {[%clk 0:07:32]} 23. Qf3 {[%clk 0:07:48]} Rxe2
{[%clk 0:07:17]} 24. Qd3 {[%clk 0:07:15]} c4 {[%clk 0:06:51]} 25. Rd8+
{[%clk 0:07:13]} Kh7 {[%clk 0:06:47]} 26. Qd6 {[%clk 0:07:11]} Rxd8
{[%clk 0:06:51]} 27. Qxd8 {[%clk 0:07:20]} Qd2 {[%clk 0:06:27]} 28. Qc7
{[%clk 0:07:17]} c3 {[%clk 0:06:31]} 29. Nf3 {[%clk 0:07:25]} Qd7
{[%clk 0:06:31]} 30. Qc5 {[%clk 0:07:21]} c2 {[%clk 0:06:04]} 31. h4
{[%clk 0:07:29]} Bb2 {[%clk 0:05:26]} 32. h5 {[%clk 0:07:01]} Bf5
{[%clk 0:05:15]} 33. hxg6+ {[%clk 0:07:07]} Bxg6 {[%clk 0:05:23]} 34. Nh4
{[%clk 0:05:46]} Qd4 {[%clk 0:04:40]} 35. Qc7 {[%clk 0:04:22]} Rxf2
{[%clk 0:04:38]} 36. Nxg6 {[%clk 0:03:19]} Rxf1+ {[%clk 0:04:26]} 37. Kh2
{[%clk 0:03:28]} c1=Q {[%clk 0:04:02]} 38. Nf8+ {[%clk 0:03:31]} Kg8
{[%clk 0:04:10]} 39. Qb8 {[%clk 0:03:34]} Rh1+ {[%clk 0:03:59]} 40. Bxh1
{[%clk 0:03:35]} Qf2+ {[%clk 0:03:49]} 41. Bg2 {[%clk 0:03:06]} Qcg1+
{[%clk 0:03:57]} 42. Kh3 {[%clk 0:03:15]} Qgxg2+ {[%clk 0:04:03]} 43. Kg4
{[%clk 0:03:17]} Qff3+ {[%clk 0:04:11]} 44. Kh4 {[%clk 0:03:21]} Bf6#
{[%clk 0:04:18]} 0-1

[Event "Turniej Przyjazni Polsko-Wegierskiej"]
[Site "Katowice"]
[Date "2018.05.05"]
[Round "5.14"]
[White "Szczurek, Krzysztof"]
[Black "Omelja, Artem"]
[Result "1/2-1/2"]
[BlackElo "2483"]
[WhiteElo "1972"]
[LiveChessVersion "1.4.8"]

1. Nf3 {[%clk 0:15:18]} g6 {[%clk 0:15:06]} 2. c4 {[%clk 0:15:23]} Bg7
{[%clk 0:15:13]} 3. g3 {[%clk 0:15:31]} c5 {[%clk 0:14:36]} 4. Bg2
{[%clk 0:15:37]} Nc6 {[%clk 0:14:44]} 5. O-O {[%clk 0:15:44]} e5 {[%clk 0:14:51]}
6. Nc3 {[%clk 0:15:52]} Nge7 {[%clk 0:14:57]} 7. d3 {[%clk 0:16:00]} O-O
{[%clk 0:15:00]} 8. Rb1 {[%clk 0:16:05]} d6 {[%clk 0:14:28]} 9. a3
{[%clk 0:16:06]} a5 {[%clk 0:14:36]} 10. b3 {[%clk 0:16:14]} h6 {[%clk 0:14:29]}
11. e3 {[%clk 0:16:00]} f5 {[%clk 0:13:26]} 12. Bb2 {[%clk 0:15:58]} g5
{[%clk 0:13:24]} 13. Ne2 {[%clk 0:15:41]} Ng6 {[%clk 0:12:46]} 14. d4
{[%clk 0:14:37]} cxd4 {[%clk 0:12:00]} 15. exd4 {[%clk 0:14:43]} e4
{[%clk 0:12:09]} 16. Ne1 {[%clk 0:14:44]} d5 {[%clk 0:12:16]} 17. cxd5
{[%clk 0:14:33]} Nce7 {[%clk 0:12:18]} 18. f3 {[%clk 0:14:28]} Nxd5
{[%clk 0:12:12]} 19. Nc2 {[%clk 0:14:18]} e3 {[%clk 0:11:35]} 20. f4
{[%clk 0:14:07]} gxf4 {[%clk 0:11:43]} 21. Nxf4 {[%clk 0:13:56]} Ngxf4
{[%clk 0:11:05]} 22. gxf4 {[%clk 0:13:59]} Ra6 {[%clk 0:10:29]} 23. Qf3
{[%clk 0:13:00]} Rg6 {[%clk 0:09:54]} 24. Kh1 {[%clk 0:12:29]} Be6
{[%clk 0:08:58]} 25. Nxe3 {[%clk 0:11:54]} Nxe3 {[%clk 0:07:39]} 26. Qxe3
{[%clk 0:12:02]} Re8 {[%clk 0:06:54]} 27. Bf3 {[%clk 0:10:00]} Bd5
{[%clk 0:03:52]} 28. Bxd5+ {[%clk 0:09:21]} Qxd5+ {[%clk 0:03:28]} 29. Qf3
{[%clk 0:09:29]} Qxf3+ {[%clk 0:03:19]} 30. Rxf3 {[%clk 0:09:37]} Re2
{[%clk 0:03:26]} 31. Rg3 {[%clk 0:09:19]} Rxg3 {[%clk 0:03:14]} 32. hxg3
{[%clk 0:09:27]} Re3 {[%clk 0:02:17]} 33. Rc1 {[%clk 0:08:58]} Rxb3
{[%clk 0:02:11]} 34. Rc2 {[%clk 0:08:45]} b5 {[%clk 0:01:24]} 35. Kg2
{[%clk 0:08:36]} a4 {[%clk 0:01:15]} 36. Kh3 {[%clk 0:08:12]} Bf8
{[%clk 0:01:04]} 37. d5 {[%clk 0:08:13]} Bxa3 {[%clk 0:01:09]} 38. Be5
{[%clk 0:08:20]} Rd3 {[%clk 0:01:05]} 39. Rc8+ {[%clk 0:08:28]} Kf7
{[%clk 0:01:14]} 40. Rc7+ {[%clk 0:08:11]} Ke8 {[%clk 0:01:22]} 41. Rc8+
{[%clk 0:08:20]} Kd7 {[%clk 0:01:31]} 42. Rc7+ {[%clk 0:08:28]} Kd8
{[%clk 0:01:39]} 43. Rh7 {[%clk 0:08:24]} Rxd5 {[%clk 0:01:39]} 44. Rxh6
{[%clk 0:08:32]} Be7 {[%clk 0:01:34]} 45. Rb6 {[%clk 0:08:15]} b4
{[%clk 0:01:23]} 46. g4 {[%clk 0:08:20]} Rd3+ {[%clk 0:01:27]} 47. Kg2
{[%clk 0:08:28]} fxg4 {[%clk 0:01:27]} 48. f5 {[%clk 0:08:37]} Rf3
{[%clk 0:01:26]} 49. f6 {[%clk 0:08:44]} Bc5 {[%clk 0:01:12]} 50. Rb5
{[%clk 0:08:50]} Be3 {[%clk 0:00:32]} 51. Rxb4 {[%clk 0:08:50]} Rf5
{[%clk 0:00:39]} 52. Bd4 {[%clk 0:08:01]} Bxd4 {[%clk 0:00:12]} 53. Rxd4+
{[%clk 0:08:09]} Ke8 {[%clk 0:00:15]} 54. Rxa4 {[%clk 0:08:18]} Rxf6
{[%clk 0:00:22]} 1/2-1/2

[Event "Turniej Przyjazni Polsko-Wegierskiej"]
[Site "Katowice"]
[Date "2018.05.05"]
[Round "5.15"]
[White "Popiol, Michal"]
[Black "Orzech, Dominik"]
[Result "0-1"]
[BlackElo "2417"]
[WhiteElo "1926"]
[LiveChessVersion "1.4.8"]

1. d4 {[%clk 0:15:19]} d5 {[%clk 0:15:19]} 2. c4 {[%clk 0:15:27]} c6
{[%clk 0:15:28]} 3. Nf3 {[%clk 0:15:36]} Nf6 {[%clk 0:15:37]} 4. Nc3
{[%clk 0:15:45]} dxc4 {[%clk 0:15:41]} 5. a4 {[%clk 0:15:53]} Bf5
{[%clk 0:15:49]} 6. Ne5 {[%clk 0:16:02]} Na6 {[%clk 0:15:43]} 7. f3
{[%clk 0:15:17]} Nd7 {[%clk 0:15:43]} 8. Nxc4 {[%clk 0:15:10]} e5
{[%clk 0:15:37]} 9. e4 {[%clk 0:14:33]} exd4 {[%clk 0:15:41]} 10. Qxd4
{[%clk 0:14:36]} Nb4 {[%clk 0:15:34]} 11. Na3 {[%clk 0:12:46]} Be6
{[%clk 0:15:36]} 12. Be3 {[%clk 0:12:21]} Nc5 {[%clk 0:13:46]} 13. Rd1
{[%clk 0:11:33]} Qxd4 {[%clk 0:12:07]} 14. Rxd4 {[%clk 0:11:10]} a5
{[%clk 0:12:04]} 15. Nc4 {[%clk 0:09:40]} Nc2+ {[%clk 0:12:11]} 16. Kf2
{[%clk 0:09:34]} Nxd4 {[%clk 0:12:16]} 17. Bxd4 {[%clk 0:09:42]} Rd8
{[%clk 0:12:17]} 18. Be3 {[%clk 0:09:45]} Bxc4 {[%clk 0:11:55]} 19. Bxc4
{[%clk 0:09:53]} Nd3+ {[%clk 0:12:04]} 20. Bxd3 {[%clk 0:10:00]} Rxd3
{[%clk 0:12:12]} 21. Ke2 {[%clk 0:10:00]} Rd7 {[%clk 0:12:21]} 22. Nb1
{[%clk 0:09:10]} Bb4 {[%clk 0:12:28]} 23. Nd2 {[%clk 0:09:14]} O-O
{[%clk 0:12:24]} 24. Nc4 {[%clk 0:09:15]} Re8 {[%clk 0:12:21]} 25. g4
{[%clk 0:08:57]} b5 {[%clk 0:12:16]} 26. axb5 {[%clk 0:08:42]} cxb5
{[%clk 0:12:24]} 27. Nb6 {[%clk 0:08:15]} Rc7 {[%clk 0:12:33]} 28. Kd3
{[%clk 0:08:05]} a4 {[%clk 0:12:29]} 29. Nd5 {[%clk 0:07:41]} Rc4
{[%clk 0:12:38]} 30. Rb1 {[%clk 0:07:14]} Bd6 {[%clk 0:11:56]} 31. h4
{[%clk 0:06:57]} Rc6 {[%clk 0:12:00]} 32. h5 {[%clk 0:06:51]} h6 {[%clk 0:12:05]}
33. Rg1 {[%clk 0:05:36]} Be5 {[%clk 0:12:07]} 34. Rg2 {[%clk 0:05:26]} Ra6
{[%clk 0:10:54]} 35. Bc5 {[%clk 0:03:54]} Rd8 {[%clk 0:09:46]} 36. Ke3
{[%clk 0:03:46]} Bd6 {[%clk 0:09:31]} 37. Kd4 {[%clk 0:03:41]} Rc6
{[%clk 0:09:11]} 38. Bxd6 {[%clk 0:02:33]} Rdxd6 {[%clk 0:09:18]} 39. f4
{[%clk 0:02:00]} f6 {[%clk 0:09:16]} 40. g5 {[%clk 0:01:41]} hxg5
{[%clk 0:09:14]} 41. fxg5 {[%clk 0:01:50]} fxg5 {[%clk 0:09:22]} 42. Rxg5
{[%clk 0:01:42]} Kh7 {[%clk 0:09:10]} 43. Ke5 {[%clk 0:01:28]} Rd8
{[%clk 0:09:03]} 44. Rf5 {[%clk 0:01:23]} Re8+ {[%clk 0:08:55]} 45. Kf4
{[%clk 0:01:12]} Rc4 {[%clk 0:09:03]} 46. Re5 {[%clk 0:01:04]} Rxe5
{[%clk 0:09:10]} 47. Kxe5 {[%clk 0:01:12]} b4 {[%clk 0:09:16]} 48. Nb6
{[%clk 0:01:14]} a3 {[%clk 0:09:18]} 0-1

[Event "Turniej Przyjazni Polsko-Wegierskiej"]
[Site "Katowice"]
[Date "2018.05.05"]
[Round "5.16"]
[White "Przybylski, Wojciech"]
[Black "Koziol, Kamil"]
[Result "1-0"]
[BlackElo "2063"]
[WhiteElo "2326"]
[LiveChessVersion "1.4.8"]

1. e4 {[%clk 0:15:18]} c5 {[%clk 0:15:18]} 2. Nf3 {[%clk 0:15:26]} d6
{[%clk 0:15:16]} 3. Bb5+ {[%clk 0:15:32]} Nc6 {[%clk 0:14:45]} 4. O-O
{[%clk 0:15:36]} Nf6 {[%clk 0:14:49]} 5. Re1 {[%clk 0:15:35]} a6 {[%clk 0:13:28]}
6. Bxc6+ {[%clk 0:14:53]} bxc6 {[%clk 0:13:36]} 7. e5 {[%clk 0:13:33]} Nd5
{[%clk 0:11:52]} 8. h3 {[%clk 0:13:38]} e6 {[%clk 0:11:21]} 9. b3
{[%clk 0:12:45]} dxe5 {[%clk 0:08:18]} 10. Nxe5 {[%clk 0:12:39]} Bd6
{[%clk 0:08:11]} 11. Nc4 {[%clk 0:09:05]} Be7 {[%clk 0:07:33]} 12. Bb2
{[%clk 0:08:21]} O-O {[%clk 0:07:37]} 13. Nc3 {[%clk 0:08:00]} f6
{[%clk 0:06:46]} 14. Qf3 {[%clk 0:05:57]} e5 {[%clk 0:06:27]} 15. Na4
{[%clk 0:05:08]} Be6 {[%clk 0:05:42]} 16. Ne3 {[%clk 0:02:45]} Rb8
{[%clk 0:04:07]} 17. d3 {[%clk 0:02:41]} Qd7 {[%clk 0:03:35]} 18. Ba3
{[%clk 0:02:23]} Qa7 {[%clk 0:02:32]} 19. Nf5 {[%clk 0:02:16]} Bxf5
{[%clk 0:01:18]} 20. Qxf5 {[%clk 0:02:24]} Kh8 {[%clk 0:00:57]} 21. Re4
{[%clk 0:01:48]} Nf4 {[%clk 0:00:53]} 22. Rc4 {[%clk 0:00:40]} Rb5
{[%clk 0:01:02]} 23. Re1 {[%clk 0:00:29]} Bd6 {[%clk 0:00:53]} 24. Bb2
{[%clk 0:00:32]} Qf7 {[%clk 0:00:30]} 25. Nc3 {[%clk 0:00:37]} Rb4
{[%clk 0:00:36]} 26. Ne4 {[%clk 0:00:36]} Be7 {[%clk 0:00:38]} 27. Ng3
{[%clk 0:00:36]} Rxc4 {[%clk 0:00:45]} 28. dxc4 {[%clk 0:00:41]} Rd8
{[%clk 0:00:47]} 29. Bc3 {[%clk 0:00:48]} Qe6 {[%clk 0:00:49]} 30. Qxf4
{[%clk 0:00:39]} exf4 {[%clk 0:00:54]} 31. Rxe6 {[%clk 0:00:45]} fxg3
{[%clk 0:00:59]} 32. Rxe7 {[%clk 0:00:53]} 1-0

[Event "Turniej Przyjazni Polsko-Wegierskiej"]
[Site "Katowice"]
[Date "2018.05.05"]
[Round "5.17"]
[White "Lewtak, Damian"]
[Black "Masternak, Aleksander"]
[Result "1-0"]
[BlackElo "2017"]
[WhiteElo "2285"]
[LiveChessVersion "1.4.8"]

1. e4 {[%clk 0:15:18]} e5 {[%clk 0:15:14]} 2. Nf3 {[%clk 0:15:20]} Nc6
{[%clk 0:15:22]} 3. Bb5 {[%clk 0:15:00]} Nge7 {[%clk 0:14:56]} 4. Nc3
{[%clk 0:13:38]} a6 {[%clk 0:11:35]} 5. Bc4 {[%clk 0:13:11]} h6 {[%clk 0:11:08]}
6. d4 {[%clk 0:12:34]} exd4 {[%clk 0:10:46]} 7. Nxd4 {[%clk 0:12:38]} g6
{[%clk 0:09:37]} 8. Qf3 {[%clk 0:09:30]} f5 {[%clk 0:05:23]} 9. Nxc6
{[%clk 0:08:09]} dxc6 {[%clk 0:04:58]} 10. Be3 {[%clk 0:07:13]} Qd6
{[%clk 0:04:01]} 11. a3 {[%clk 0:06:53]} Bg7 {[%clk 0:02:24]} 12. O-O
{[%clk 0:06:11]} Bd7 {[%clk 0:01:46]} 13. Rad1 {[%clk 0:05:21]} Qf6
{[%clk 0:01:43]} 14. e5 {[%clk 0:04:57]} Qxe5 {[%clk 0:01:33]} 15. Bd4
{[%clk 0:05:05]} Qxd4 {[%clk 0:01:42]} 16. Rxd4 {[%clk 0:05:14]} Bxd4
{[%clk 0:01:50]} 17. Re1 {[%clk 0:05:08]} Bc5 {[%clk 0:01:43]} 18. Ne2
{[%clk 0:02:35]} O-O-O {[%clk 0:01:40]} 19. Nf4 {[%clk 0:02:42]} Bd6
{[%clk 0:01:31]} 20. h3 {[%clk 0:01:33]} Kb8 {[%clk 0:01:14]} 21. Rxe7
{[%clk 0:01:29]} Bxe7 {[%clk 0:01:20]} 22. Nxg6 {[%clk 0:01:35]} Rh7
{[%clk 0:01:09]} 23. h4 {[%clk 0:01:21]} Bd6 {[%clk 0:01:08]} 24. g3
{[%clk 0:01:13]} Rg7 {[%clk 0:01:07]} 25. h5 {[%clk 0:01:06]} Bc8
{[%clk 0:01:01]} 26. Qe3 {[%clk 0:00:58]} b6 {[%clk 0:00:59]} 27. Qxh6
{[%clk 0:00:59]} Rgd7 {[%clk 0:00:42]} 28. Be6 {[%clk 0:00:47]} Rh7
{[%clk 0:00:24]} 29. Qxh7 {[%clk 0:00:53]} Bxe6 {[%clk 0:00:32]} 30. Qg7
{[%clk 0:00:49]} Bc5 {[%clk 0:00:36]} 31. Nf4 {[%clk 0:00:40]} Rd1+
{[%clk 0:00:29]} 32. Kg2 {[%clk 0:00:46]} Bc8 {[%clk 0:00:26]} 33. Qc3
{[%clk 0:00:47]} Bd4 {[%clk 0:00:33]} 34. Qf3 {[%clk 0:00:42]} Rd2
{[%clk 0:00:31]} 35. c3 {[%clk 0:00:49]} Bf6 {[%clk 0:00:32]} 36. b4
{[%clk 0:00:30]} Bb7 {[%clk 0:00:36]} 37. c4 {[%clk 0:00:32]} Bd4
{[%clk 0:00:27]} 38. c5 {[%clk 0:00:22]} bxc5 {[%clk 0:00:31]} 39. bxc5
{[%clk 0:00:31]} Bxc5 {[%clk 0:00:39]} 40. Qc3 {[%clk 0:00:20]} Rxf2+
{[%clk 0:00:43]} 41. Kh3 {[%clk 0:00:28]} Bb6 {[%clk 0:00:44]} 42. h6
{[%clk 0:00:29]} Rf1 {[%clk 0:00:34]} 43. Kh4 {[%clk 0:00:34]} Rh1+
{[%clk 0:00:18]} 44. Kg5 {[%clk 0:00:40]} c5 {[%clk 0:00:18]} 45. Nh5
{[%clk 0:00:42]} c6 {[%clk 0:00:24]} 46. h7 {[%clk 0:00:44]} Bd8+
{[%clk 0:00:31]} 47. Kg6 {[%clk 0:00:52]} 1-0